| 000 | 00416pab a2200145 454500 | ||
|---|---|---|---|
| 008 | 180718b2004 xxu||||| |||| 00| 0 eng d | ||
| 100 | _aWalker, David M. | ||
| 245 | _aThe government performance and results act of 1993 provide a solid foundation for better results | ||
| 260 | _c2004 | ||
| 300 | _ap.35-39,47. | ||
| 362 | _aSummer | ||
| 650 | _aPerformance appraisal | ||
| 773 | _aPublic Manager | ||
| 909 | _a64120 | ||
| 999 |
_c64120 _d64120 |
||